[Event "Thueringen-ch HT"]
[Site "Finsterbergen"]
[Date "2000.04.21"]
[Round "5"]
[White "Boehl, Dietmar"]
[Black "Gruener, Nico"]
[Result "1-0"]
[WhiteElo "1800"]
[BlackElo "1089"]
[PlyCount "65"]
[EventDate "2000.05.??"]
[EventType "swiss"]
[EventRounds "9"]
[EventCountry "GER"]
[SourceTitle "EXT 2005"]
[Source "ChessBase"]
[SourceDate "2004.11.15"]
[SourceVersion "1"]
[SourceVersionDate "2004.11.15"]
[SourceQuality "1"]

1. e4 c5 2. Nf3 Nc6 3. Bb5 g6 4. 0-0 Bg7 5. c3 a6 6. Bxc6 bxc6 7. d4 cxd4 8. cxd4 d6 9. h3 Nf6 10. Nc3 0-0 11. Bg5 Rb8 12. Qd2 Re8 13. Rfe1 Qb6 14. b3 Be6 15. Rac1 Nh5 16. Be3 Qb4 17. Ng5 Bd7 18. Qd3 a5 19. g4 Nf6 20. Bd2 Qb6 21. e5 Nd5 22. Nxd5 cxd5 23. exd6 exd6 24. Rxe8+ Rxe8 25. Nf3 f5 26. g5 Bb5 27. Qc3 Be2 28. Re1 Qd8 29. Nh2 Re4 30. Qc6 Bxd4 31. Qxd5+ Kh8 32. Rxe2 Rxe2 33. Qxd4+ 1-0

[Event "Thueringen-ch HT"]
[Site "Finsterbergen"]
[Date "2000.04.19"]
[Round "1"]
[White "Kirste, Olaf"]
[Black "Gruener, Nico"]
[Result "1-0"]
[WhiteElo "1845"]
[BlackElo "1018"]
[PlyCount "113"]
[EventDate "2000.05.??"]
[EventType "swiss"]
[EventRounds "9"]
[EventCountry "GER"]
[SourceTitle "EXT 2005"]
[Source "ChessBase"]
[SourceDate "2004.11.15"]
[SourceVersion "1"]
[SourceVersionDate "2004.11.15"]
[SourceQuality "1"]

1. c4 Nf6 2. Nc3 g6 3. e4 d6 4. d4 Bg7 5. f3 0-0 6. Be3 Nbd7 7. Qd2 Re8 8. Nge2 c6 9. g4 e5 10. 0-0-0 a6 11. Ng3 exd4 12. Bxd4 Re7 13. h4 b5 14. Be2 Qa5 15. h5 b4 16. Nb1 c5 17. Bf2 Qxa2 18. hxg6 fxg6 19. g5 Ne8 20. Qd5+ Kf8 21. Rd2 Rb8 22. f4 Bb7 23. Qd3 a5 24. b3 Qa1 25. Rf1 Kg8 26. Bg4 Nb6 27. Qe2 Bh8 28. Ra2 Qg7 29. Qc2 Nc7 30. Nd2 Ra8 31. f5 Qc3 32. f6 Qxc2+ 33. Kxc2 Rf7 34. Be3 Bc8 35. Bxc8 Nxc8 36. Bf4 Ne6 37. Be3 Nb6 38. e5 dxe5 39. Nge4 a4 40. Nxc5 axb3+ 41. Kxb3 Nd4+ 42. Bxd4 Rxa2 43. Kxa2 exd4 44. Nce4 Na4 45. Kb3 Nc3 46. Kxb4 Nxe4 47. Nxe4 d3 48. c5 Rd7 49. Nd6 Kf8 50. Kc4 d2 51. Kd5 Ra7 52. Rd1 Ra2 53. c6 Rc2 54. Rb1 d1Q+ 55. Rxd1 Rg2 56. Ne4 Rc2 57. Rb1 1-0